000 00705cab a2200229 4500
001 WB3014-67
008 090401t1994 xxu||||| |||| 00| 0 eng d
035 _a(Sirsi) u24337
041 _aeng
245 _aPlanning permission alterations
260 _c1994
350 _a0
490 _aEstates Gazette
_v(9414) 9 April 1994, 127(1)
520 _aDiscusses the case "Camden LBC v SoS Environment" and the alteration of plans once planning permission has been granted.
650 _aPLANNING PERMISSION
650 _aROOF EXTENSION
650 _aROOF TERRACE
650 _aTOWN AND COUNTRY PLANNING ACT 1990 S289
690 _aPLANNING LAW AND PRACTICE
942 _n0
948 _c04/03/1997
999 _c16316
_d16316